スイカゲームに出てくるフルーツ - Statistics

General Stats
  • This quiz has been taken 679 times
  • The average score is 6 of 11
Answer Stats
フルーツ % Correct
一番小さい サクランボ
79%
イチゴ
76%
ブドウ
73%
一番大きい スイカ
65%
メロン
59%
デコポン
42%
パイナップル
40%
リンゴ
38%
32%
29%
28%
No matching quizzes found
Score Distribution
Percent of People with Each Score
Percentile by Number Answered
Your Score History
You have not taken this quiz